Review of the experience with oil stabilization and savings funds in selected countries

Salvato in:
Dettagli Bibliografici
Autore principale: Fasano, Ugo
Natura: Libro
Lingua:inglese
Pubblicazione: Washington International Monetary Fund 2000
Serie:IMF Working Paper WP/00/112
Soggetti:
Tags: Aggiungi Tag
Nessun Tag, puoi essere il primo ad aggiungerne!!

MARC

LEADER 00000nam a2200000 4500
001 c124311
005 20221221083521.9
041 0 |a eng 
044 |a US 
245 1 0 |a Review of the experience with oil stabilization and savings funds in selected countries  |c Ugo Fasano 
264 1 |a Washington  |b International Monetary Fund  |c 2000 
300 |a 20 s. 
490 1 |a IMF Working Paper  |v WP/00/112 
830 0 |a IMF Working Paper  |v WP/00/112 
610 2 0 |a nafta 
610 2 0 |a ropa 
610 2 0 |a fondy peňažné 
610 2 0 |a úspory 
610 2 0 |a ťažba surovín 
100 1 |a Fasano, Ugo